| 000 | 00566nam a2200229Ia 4500 | ||
|---|---|---|---|
| 003 | 0100 | ||
| 008 | 130303s9999 xx 000 0 und d | ||
| 020 | _a0335192726 | ||
| 040 | _cARRUPELIB | ||
| 050 | _aLC93.G7B34 1994 | ||
| 100 | _aBall, Stephen J. | ||
| 245 | _aEducation reform | ||
| 245 | _ba critical and post-structural approach | ||
| 260 | _aBuckingham | ||
| 260 | _bOpen University Press | ||
| 260 | _C1994 | ||
| 300 | _axii | ||
| 300 | _b 164p. 22cm. | ||
| 650 | _bMombasa-History | ||
| 650 | _cPortuguese in East Africa | ||
| 942 |
_2lcc _01 |
||
| 999 |
_c66222 _d66222 |
||